| 000 | 01206nam0a2200337 4500 | ||
|---|---|---|---|
| 001 | RU\NLR\bibl\240791 | ||
| 005 | 20250619113754.0 | ||
| 010 |
_a5-7905-0876-6 _910000 |
||
| 021 |
_aRU _b2001-44131 _92105 |
||
| 035 | _a(NLR Aleph) 000236674 | ||
| 090 |
_a1378460 _c1378460 |
||
| 100 | _a20020305d2001 |||y0rusy50 ca | ||
| 101 | 0 | _arus | |
| 102 | _aRU | ||
| 105 | _aa ||||||||| | ||
| 200 | 1 |
_aЛучшие растения для дома _eПолн. энцикл. по уходу и разведению комнат. растений _fЕ. Горбачева |
|
| 210 |
_aМ. _cРИПОЛ классик _d2001 |
||
| 215 |
_a318 с. _cил. _d24 |
||
| 606 | 0 |
_aКомнатное цветоводство _jСправочники _91344292 _3RU\NLR\auth\66560763 |
|
| 610 | 0 | _aКомнатные растения - Выращивание - Энциклопедии | |
| 675 |
_a635.915(031) _v3 _zrus |
||
| 686 |
_a68.35 _2rugasnti |
||
| 686 |
_a42.374я2 _2rubbk |
||
| 686 | _aП274-455.5я2 | ||
| 700 | 1 |
_aГорбачева _bЕ. Г. _4070 |
|
| 801 | 0 |
_aRU _bRKP _c20020305 _gPSBO |
|
| 801 | 1 |
_aRU _bRKP _c20020305 |
|
| 801 | 2 |
_aRU _bNLR _c20020418 _grcr |
|
| 942 | _cBOOK | ||
| 980 | _aNB | ||